Slavie europe (Record no. 86113)

MARC details
000 -LEADER
campo de control de longitud fija 00666nam a2200181 i 4500
001 - NÚMERO DE CONTROL
campo de control 86113
003 - IDENTIFICADOR DE NÚMERO DE CONTROL
campo de control ES-MaACL
007 - CAMPO FIJO DE DESCRIPCIÓN FÍSICA--INFORMACIÓN GENERAL
campo de control de longitud fija t|
008 - DATOS DE LONGITUD FIJA--INFORMACIÓN GENERAL
campo de control de longitud fija 041207s1918 xxu ||||1| eng d
100 1# - ENTRADA PRINCIPAL--NOMBRE DE PERSONA
Nombre de persona Kerner, Robert Josef.
9 (RLIN) 67919
245 10 - MENCIÓN DEL TÍTULO
Título Slavie europe
Resto del título : a selected bibliography in the wertern european languages, comprising history, languages and literatures /
Mención de responsabilidad, etc. by Robert Josef Kerner.
260 ## - PUBLICACIÓN, DISTRIBUCIÓN, ETC.
Lugar de publicación, distribución, etc. Cambridge :
Nombre del editor, distribuidor, etc. Harvard University,
Fecha de publicación, distribución, etc. 1918.
300 ## - DESCRIPCIÓN FÍSICA
Extensión XXIV, 402 p. ;
Dimensiones 23 cm.
490 1# - MENCIÓN DE SERIE
Mención de serie Harvard bibliographies literary series ;
Designación de volumen o secuencia 1
830 0# - PUNTO DE ACCESO ADICIONAL DE SERIE-TÍTULO UNIFORME
Título uniforme Harvard bibliographies literary series ;
Designación de volumen o secuencia 1
9 (RLIN) 231741
852 ## - LOCALIZACIÓN
Ubicación ES-MaACL
Número de control de estantería G-4213
Holdings
Estatus retirado Estado de pérdida Estado de daño No para préstamo Biblioteca de origen Biblioteca actual Ubicación en estantería Fecha de adquisición Fuente de adquisición Total de préstamos Signatura topográfica completa Código de barras Visto por última vez Precio de reemplazo Tipo de ítem Koha
        Biblioteca del Ateneo de Madrid Biblioteca del Ateneo de Madrid Depósito 2 17/01/2008     G-4213 1089980 23/02/2023 23/02/2023 Libro impreso